Asian Capital Cities by Closest Capital N-E-S-W - Statistics

General Stats
  • This quiz has been taken 37 times
  • The average score is 37 of 48
Answer Stats
⇑ Closest North ⇑ ⇒ Closest East ⇒ ⇓ Closest South ⇓ ⇐ Closest West ⇐ CAPITAL CITY % Correct
⇑ Phnom Penh ⇑ ⇒ Singapore ⇒ ⇓ Jakarta ⇓ ⇐ Colombo ⇐ Kuala Lumpur
95%
⇑ Vientiane ⇑ ⇒ Bandar Seri Begawan ⇒ ⇓ Kuala Lumpur ⇓ ⇐ Bangkok ⇐ Phnom Penh
95%
⇑ Singapore ⇑ ⇒ Dili ⇒ ⇓ --- ⇓ ⇐ Colombo ⇐ Jakarta
90%
⇑ Phnom Penh ⇑ ⇒ Bandar Seri Begawan ⇒ ⇓ Jakarta ⇓ ⇐ Kuala Lumpur ⇐ Singapore
90%
⇑ Tbilisi ⇑ ⇒ Baku ⇒ ⇓ Baghdad ⇓ ⇐ Ankara ⇐ Yerevan
90%
⇑ Moscow ⇑ ⇒ Ashgabat ⇒ ⇓ Tehran ⇓ ⇐ Tbilisi ⇐ Baku
86%
⇑ Ulaanbaatar ⇑ ⇒ Pyongyang ⇒ ⇓ Taipei ⇓ ⇐ Thimphu ⇐ Beijing
86%
⇑ Dhaka ⇑ ⇒ Naypyidaw ⇒ ⇓ Port Louis ⇓ ⇐ Male ⇐ Colombo
86%
⇑ Ankara ⇑ ⇒ Baghdad ⇒ ⇓ Amman ⇓ ⇐ Beirut ⇐ Damascus
86%
⇑ Bandar Seri Begawan ⇑ ⇒ Port Moresby ⇒ ⇓ Canberra ⇓ ⇐ Jakarta ⇐ Dili
86%
⇑ Beijing ⇑ ⇒ Taipei ⇒ ⇓ Vientiane ⇓ ⇐ Naypyidaw ⇐ Hanoi
86%
⇑ Dushanbe ⇑ ⇒ Kathmandu ⇒ ⇓ New Delhi ⇓ ⇐ Kabul ⇐ Islamabad
86%
⇑ Damascus ⇑ ⇒ Amman ⇒ ⇓ Khartoum ⇓ ⇐ Cairo ⇐ Jerusalem
86%
⇑ Muscat ⇑ ⇒ Colombo ⇒ ⇓ Port Louis ⇓ ⇐ Victoria ⇐ Male
86%
⇑ Thimphu ⇑ ⇒ Vientiane ⇒ ⇓ Bangkok ⇓ ⇐ Dhaka ⇐ Naypyidaw
86%
⇑ Seoul ⇑ ⇒ Tokyo ⇒ ⇓ Manila ⇓ ⇐ Hanoi ⇐ Taipei
86%
⇑ Baku ⇑ ⇒ Ashgabat ⇒ ⇓ Kuwait City ⇓ ⇐ Baghdad ⇐ Tehran
86%
⇑ Damascus ⇑ ⇒ Baghdad ⇒ ⇓ Khartoum ⇓ ⇐ Jerusalem ⇐ Amman
81%
⇑ --- ⇑ ⇒ Ulaanbaatar ⇒ ⇓ Bishkek ⇓ ⇐ Baku ⇐ Astana
81%
⇑ Manila ⇑ ⇒ Melekeok ⇒ ⇓ Jakarta ⇓ ⇐ Singapore ⇐ Bandar Seri Begawan
81%
⇑ Vientiane ⇑ ⇒ Phnom Penh ⇒ ⇓ Kuala Lumpur ⇓ ⇐ Kathmandu ⇐ Bangkok
81%
⇑ Manama ⇑ ⇒ Abu Dhabi ⇒ ⇓ Sana'a ⇓ ⇐ Riyadh ⇐ Doha
81%
⇑ Taipei ⇑ ⇒ Melekeok ⇒ ⇓ Bandar Seri Begawan ⇓ ⇐ Hanoi ⇐ Manila
81%
⇑ Pyongyang ⇑ ⇒ Tokyo ⇒ ⇓ Taipei ⇓ ⇐ Beijing ⇐ Seoul
81%
⇑ --- ⇑ ⇒ Pyongyang ⇒ ⇓ Beijing ⇓ ⇐ Astana ⇐ Ulaanbaatar
81%
⇑ Chisinau ⇑ ⇒ Yerevan ⇒ ⇓ Nicosia ⇓ ⇐ Bucharest ⇐ Ankara
76%
⇑ Kuwait City ⇑ ⇒ Abu Dhabi ⇒ ⇓ Doha ⇓ ⇐ Riyadh ⇐ Manama
76%
⇑ Tehran ⇑ ⇒ Islamabad ⇒ ⇓ Male ⇓ ⇐ Abu Dhabi ⇐ Muscat
76%
⇑ Islamabad ⇑ ⇒ Kathmandu ⇒ ⇓ Colombo ⇓ ⇐ Kabul ⇐ New Delhi
76%
⇑ Riyadh ⇑ ⇒ Abu Dhabi ⇒ ⇓ Djibouti ⇓ ⇐ Asmara ⇐ Sana'a
76%
⇑ Bishkek ⇑ ⇒ Thimphu ⇒ ⇓ Colombo ⇓ ⇐ New Delhi ⇐ Kathmandu
71%
⇑ --- ⇑ ⇒ Tokyo ⇒ ⇓ Seoul ⇓ ⇐ Beijing ⇐ Pyongyang
71%
⇑ Kuwait City ⇑ ⇒ Manama ⇒ ⇓ Sana'a ⇓ ⇐ Amman ⇐ Riyadh
71%
⇑ Moscow ⇑ ⇒ Baku ⇒ ⇓ Yerevan ⇓ ⇐ Ankara ⇐ Tbilisi
71%
⇑ --- ⇑ ⇒ Majuro ⇒ ⇓ Manila ⇓ ⇐ Seoul ⇐ Tokyo
71%
⇑ Astana ⇑ ⇒ Ulaanbaatar ⇒ ⇓ Islamabad ⇓ ⇐ Tashkent ⇐ Bishkek
67%
⇑ Tashkent ⇑ ⇒ Bishkek ⇒ ⇓ Kabul ⇓ ⇐ Ashgabat ⇐ Dushanbe
67%
⇑ Dushanbe ⇑ ⇒ Islamabad ⇒ ⇓ Muscat ⇓ ⇐ Ashgabat ⇐ Kabul
67%
⇑ Astana ⇑ ⇒ Dushanbe ⇒ ⇓ Manama ⇓ ⇐ Tehran ⇐ Ashgabat
62%
⇑ Ankara ⇑ ⇒ Damascus ⇒ ⇓ Amman ⇓ ⇐ Nicosia ⇐ Beirut
62%
⇑ Bishkek ⇑ ⇒ Vientiane ⇒ ⇓ Dhaka ⇓ ⇐ Kathmandu ⇐ Thimphu
62%
⇑ Tehran ⇑ ⇒ Muscat ⇒ ⇓ Djibouti ⇓ ⇐ Doha ⇐ Abu Dhabi
57%
⇑ Yerevan ⇑ ⇒ Tehran ⇒ ⇓ Kuwait City ⇓ ⇐ Damascus ⇐ Baghdad
57%
⇑ Thimphu ⇑ ⇒ Naypyidaw ⇒ ⇓ Bangkok ⇓ ⇐ Kathmandu ⇐ Dhaka
57%
⇑ Baghdad ⇑ ⇒ Abu Dhabi ⇒ ⇓ Manama ⇓ ⇐ Amman ⇐ Kuwait City
57%
⇑ Astana ⇑ ⇒ Bishkek ⇒ ⇓ Dushanbe ⇓ ⇐ Ashgabat ⇐ Tashkent
57%
⇑ Hanoi ⇑ ⇒ Manila ⇒ ⇓ Bangkok ⇓ ⇐ Naypyidaw ⇐ Vientiane
57%
⇑ Ankara ⇑ ⇒ Beirut ⇒ ⇓ Jerusalem ⇓ ⇐ Athens ⇐ Nicosia
52%
No matching quizzes found
Score Distribution
Percent of People with Each Score
Percentile by Number Answered
Your Score History
You have not taken this quiz